Musical Artists With Vowels Removed - Statistics

General Stats
  • This quiz has been taken 12 times
  • The average score is 27 of 35
Answer Stats
Hint Answer % Correct
Bll Lsh Billie Eilish
100%
Brtn Sprs Britney Spears
100%
Brn Mrs Bruno Mars
100%
Cnd Lpr Cyndi Lauper
100%
Flrnc nd Th Mchn Florence + The Machine
100%
Jstn Bbr Justin Bieber
100%
Kt Prr Katy Perry
100%
Kndrck Lmr Kendrick Lamar
100%
Mdnn Madonna
100%
Mchl Jcksn Michael Jackson
100%
Lv Rdrg Olivia Rodrigo
100%
Pnk P!nk
100%
Sbrn Crpntr Sabrina Carpenter
100%
Smsh Mth Smash Mouth
100%
Tlr Swft Taylor Swift
100%
Th Wknd The Weeknd
100%
Vrl Lvgn Avril Lavigne
88%
Bd Bnn Bad Bunny
88%
Drk Drake
88%
Ld Gg Lady Gaga
88%
Ml Crs Miley Cyrus
88%
Qn Queen
88%
Cldpl Coldplay
75%
Ksh Kesha
75%
Pnc T Th Dsc Panic! At The Disco
75%
Ltn Jhn Elton John
63%
Smbr Sombr
63%
SZ SZA
63%
D Shrn Ed Sheeran
38%
Mrn Fv Maroon 5
38%
Tlr Th Crtr Tyler, The Creator
38%
Lf Laufey
25%
Wl Ct Owl City
25%
Mtsk Mitski
13%
CpckK cupcakKe
0%
No matching quizzes found
Score Distribution
Percent of People with Each Score
Percentile by Number Answered
Your Score History
You have not taken this quiz